[Event "Collado Villalba op 39th"]
[Site "Collado Villalba"]
[Date "2022.08.24"]
[Round "5"]
[White "Erice Alonso, Santiago"]
[Black "Liceras Ruiz, Manuel"]
[Result "1-0"]
[WhiteElo "1961"]
[BlackElo "1640"]
[PlyCount "55"]
[EventDate "2022.08.20"]
[EventType "swiss"]
[EventRounds "9"]
[EventCountry "ESP"]
[SourceTitle "EXT 2023"]
[Source "ChessBase"]
[SourceDate "2022.10.05"]
[SourceVersion "1"]
[SourceVersionDate "2022.10.05"]
[SourceQuality "1"]

1. e4 Nf6 2. e5 Nd5 3. c4 Nb6 4. c5 Nd5 5. Bc4 e6 6. Nc3 Nxc3 7. dxc3 d5 8. Bd3 Nd7 9. Bf4 Nxc5 10. Bc2 Be7 11. Qg4 Kf8 12. Rd1 h5 13. Qg3 c6 14. Nh3 Qe8 15. 0-0 b6 16. Rfe1 a5 17. Bg5 Ra7 18. Rd4 Bxg5 19. Nxg5 Kg8 20. Rf4 Rh6 21. Re3 Ne4 22. Bxe4 dxe4 23. Nxe4 Kh8 24. Nd6 Qf8 25. Qf3 Kg8 26. Qxc6 Rd7 27. h4 Rxd6 28. Qxd6 1-0

[Event "Collado Villalba op 39th"]
[Site "Collado Villalba"]
[Date "2022.08.22"]
[Round "3"]
[White "Liceras Ruiz, Manuel"]
[Black "Criado Herrero, Luis"]
[Result "1/2-1/2"]
[WhiteElo "1640"]
[BlackElo "1416"]
[PlyCount "67"]
[EventDate "2022.08.20"]
[EventType "swiss"]
[EventRounds "9"]
[EventCountry "ESP"]
[SourceTitle "EXT 2023"]
[Source "ChessBase"]
[SourceDate "2022.10.05"]
[SourceVersion "1"]
[SourceVersionDate "2022.10.05"]
[SourceQuality "1"]

1. e4 c5 2. Nf3 d6 3. d4 cxd4 4. Nxd4 Nf6 5. Nc3 e6 6. Be2 a6 7. 0-0 b5 8. a3 Bb7 9. Bd3 Nc6 10. Be3 Be7 11. f4 Qc7 12. Qf3 Nxd4 13. Bxd4 e5 14. Be3 exf4 15. Bxf4 0-0 16. Kh1 Rad8 17. Qe2 Qc5 18. Be3 Qh5 19. Rf3 Bc8 20. Qf1 d5 21. Nxd5 Nxd5 22. exd5 Qxd5 23. Re1 Bf6 24. Rxf6 gxf6 25. Qxf6 Rd6 26. Qh4 Bf5 27. Rd1 Rfd8 28. Qf2 Bxd3 29. cxd3 Re8 30. Bc5 Rg6 31. Bd4 Rg4 32. Bc3 Re6 33. h3 Rg5 34. Re1 1/2-1/2

[Event "Collado Villalba op 39th"]
[Site "Collado Villalba"]
[Date "2022.08.20"]
[Round "1"]
[White "Liceras Ruiz, Manuel"]
[Black "Olmedo Alvarez, Marcos"]
[Result "1-0"]
[WhiteElo "1640"]
[BlackElo "1328"]
[PlyCount "93"]
[EventDate "2022.08.20"]
[EventType "swiss"]
[EventRounds "9"]
[EventCountry "ESP"]
[SourceTitle "EXT 2023"]
[Source "ChessBase"]
[SourceDate "2022.10.05"]
[SourceVersion "1"]
[SourceVersionDate "2022.10.05"]
[SourceQuality "1"]

1. e4 c5 2. Nf3 g6 3. d4 cxd4 4. Nxd4 Bg7 5. Be3 Nc6 6. Nc3 Nf6 7. Bc4 Qa5 8. 0-0 0-0 9. Bb3 d6 10. h3 Bd7 11. f4 Nh5 12. Kh2 Nxd4 13. Bxd4 Bb5 14. Nxb5 Qxb5 15. Bxg7 Nxg7 16. Qd5 Qb6 17. f5 e6 18. fxe6 fxe6 19. Qg5 Qc7 20. Kh1 Kh8 21. Rf6 Qe7 22. Raf1 Rxf6 23. Qxf6 Qxf6 24. Rxf6 Re8 25. Rf7 Rb8 26. Rd7 d5 27. exd5 exd5 28. Bxd5 Nf5 29. Bxb7 Re8 30. Bf3 Ng3+ 31. Kg1 h5 32. Rxa7 h4 33. Ra8 Rxa8 34. Bxa8 Kg7 35. a4 Ne2+ 36. Kf2 Nd4 37. Be4 Kf6 38. Ke3 Ne6 39. b4 g5 40. b5 Ke5 41. b6 Kd6 42. a5 Nc5 43. Kd4 Na6 44. Bb7 Nb8 45. a6 Nd7 46. a7 Nxb6 47. a8Q 1-0

[Event "Collado Villalba op 38th"]
[Site "Collado Villalba"]
[Date "2021.08.22"]
[Round "2"]
[White "Liceras Ruiz, Manuel"]
[Black "Anton Ortiz, Carlos"]
[Result "1-0"]
[WhiteElo "1631"]
[BlackElo "1354"]
[PlyCount "80"]
[EventDate "2021.08.21"]
[EventType "swiss"]
[EventRounds "9"]
[EventCountry "ESP"]
[SourceTitle "CBM 204 Extra"]
[Source "ChessBase"]
[SourceDate "2021.11.30"]
[SourceVersion "1"]
[SourceVersionDate "2021.11.30"]
[SourceQuality "1"]

1. e4 c5 2. Nf3 Nc6 3. d4 cxd4 4. Nxd4 d6 5. Nc3 Nf6 6. Be2 Bd7 7. Be3 e5 8. Nb3 Be7 9. 0-0 0-0 10. Kh1 a6 11. a4 Be6 12. f4 exf4 13. Rxf4 Bxb3 14. cxb3 Ne5 15. a5 Nfd7 16. Rf1 Nc6 17. Nd5 Bg5 18. Nf4 Re8 19. Bf3 Nc5 20. Qc2 Rc8 21. Bxc5 Bxf4 22. Bg1 Nxa5 23. Qd3 Nc6 24. Rad1 Re6 25. Qd5 Rh6 26. Bg4 Qh4 27. Rxf4 Rf8 28. Rdf1 Ne5 29. Bh3 Qe7 30. Bd4 Ng6 31. Rg4 Rc8 32. Rxg6 Rxg6 33. Bxc8 Rg5 34. e5 dxe5 35. Bc5 Qc7 36. Bd7 h6 37. Qxf7+ Kh8 38. Be6 Qxf7 39. Bxf7 e4 40. Be3 Re5 1-0

[Event "Colmenarejo Autumn op 29th"]
[Site "Colmenarejo"]
[Date "2019.10.20"]
[Round "6"]
[White "Liceras Ruiz, Manuel"]
[Black "Urruti Diaz, Agustin Anibal"]
[Result "1-0"]
[WhiteElo "1606"]
[BlackElo "1687"]
[PlyCount "57"]
[EventDate "2019.09.15"]
[EventType "swiss"]
[EventRounds "7"]
[EventCountry "ESP"]
[SourceTitle "EXT 2021"]
[Source "ChessBase"]
[SourceDate "2020.10.23"]
[SourceVersion "1"]
[SourceVersionDate "2020.10.23"]
[SourceQuality "1"]

1. e4 e5 2. Nf3 Nc6 3. Bb5 Nf6 4. 0-0 d6 5. d3 Be7 6. h3 0-0 7. c3 a6 8. Ba4 b5 9. Bb3 h6 10. Re1 Na5 11. Bc2 c5 12. Nbd2 Nh7 13. d4 exd4 14. cxd4 Re8 15. Nf1 Bd7 16. Ng3 Ng5 17. dxc5 dxc5 18. Nxg5 Bxg5 19. Bxg5 hxg5 20. e5 Be6 21. Qh5 g6 22. Bxg6 fxg6 23. Qxg6+ Kh8 24. Qh6+ Kg8 25. Nh5 Re7 26. Re3 Qc8 27. Rf3 Bf5 28. Qxg5+ Kf7 29. Rxf5+ 1-0

[Event "Collado Villalba op-B 32nd"]
[Site "Collado Villalba"]
[Date "2015.08.24"]
[Round "3"]
[White "Liceras Ruiz, Manuel"]
[Black "Garcia Lopez, Fernando"]
[Result "1-0"]
[WhiteElo "1782"]
[BlackElo "1646"]
[PlyCount "131"]
[EventDate "2015.08.22"]
[EventType "swiss"]
[EventRounds "9"]
[EventCountry "ESP"]
[SourceTitle "EXT 2016"]
[Source "ChessBase"]
[SourceDate "2015.10.08"]
[SourceVersion "1"]
[SourceVersionDate "2015.10.08"]
[SourceQuality "1"]

1. e4 e5 2. Nf3 Nc6 3. Bb5 a6 4. Ba4 Be7 5. 0-0 b5 6. Bb3 Nf6 7. Re1 0-0 8. a4 Bb7 9. d3 d6 10. c3 Na5 11. Bc2 c5 12. d4 Nc6 13. d5 Nb8 14. Nbd2 Nbd7 15. Nf1 Qb8 16. Ng3 Re8 17. Nf5 Nf8 18. Nxe7+ Rxe7 19. Bg5 N8d7 20. Nh4 h6 21. Nf5 Re8 22. Be3 Kh7 23. g4 Ng8 24. g5 g6 25. Nxh6 Nxh6 26. gxh6 Qd8 27. Qf3 Rf8 28. Qh3 Nb6 29. axb5 Bc8 30. Qf3 a5 31. b3 Qd7 32. Qf6 Rg8 33. Bd1 Bb7 34. Kh1 Nc8 35. Rg1 Qe7 36. Qxe7 Nxe7 37. Bf3 f6 38. h4 f5 39. Bg5 Rge8 40. Bxe7 Rxe7 41. exf5 gxf5 42. c4 Kxh6 43. h5 Rg7 44. Rxg7 Kxg7 45. Rg1+ Kh7 46. Bd1 Rg8 47. Rxg8 Kxg8 48. Kh2 Kg7 49. Kg3 Kh6 50. Kh4 e4 51. b6 Bc8 52. Be2 Bb7 53. Bf1 Ba6 54. Bh3 f4 55. Kg4 e3 56. fxe3 fxe3 57. Kf3 Kxh5 58. Kxe3 Kg5 59. Bd7 Kf6 60. Bc6 Kf5 61. b7 Bxb7 62. Bxb7 Ke5 63. Bc6 Kf5 64. Kf3 Ke5 65. Kg4 Kf6 66. Be8 1-0

[Event "Collado Villalba op-B 32nd"]
[Site "Collado Villalba"]
[Date "2015.08.22"]
[Round "1"]
[White "Liceras Ruiz, Manuel"]
[Black "Cortijo Manso, Luis"]
[Result "1-0"]
[WhiteElo "1782"]
[BlackElo "1529"]
[PlyCount "57"]
[EventDate "2015.08.22"]
[EventType "swiss"]
[EventRounds "9"]
[EventCountry "ESP"]
[SourceTitle "EXT 2016"]
[Source "ChessBase"]
[SourceDate "2015.10.08"]
[SourceVersion "1"]
[SourceVersionDate "2015.10.08"]
[SourceQuality "1"]

1. e4 e6 2. d4 d5 3. Nd2 dxe4 4. Nxe4 Bd7 5. Nf3 Bc6 6. Bd3 Nd7 7. 0-0 Ngf6 8. Qe2 Be7 9. Rd1 Bxe4 10. Bxe4 Nxe4 11. Qxe4 c6 12. c4 Nf6 13. Qe2 0-0 14. Bf4 Re8 15. h3 Bd6 16. Be5 Be7 17. Rd3 Qc8 18. Nh2 g6 19. Qf3 Nd7 20. Ng4 Nxe5 21. dxe5 Rf8 22. Rad1 c5 23. Rd7 Bg5 24. Qxb7 Qxb7 25. Rxb7 h5 26. Nf6+ Kg7 27. Ne4 Bf4 28. Nxc5 h4 29. Nxe6+ 1-0

[Event "Collado Villalba op-B 29th"]
[Site "Collado Villalba"]
[Date "2012.08.30"]
[Round "7"]
[White "Liceras Ruiz, Manuel"]
[Black "Salgado Duarte, Pablo"]
[Result "1-0"]
[WhiteElo "1736"]
[BlackElo "1564"]
[PlyCount "161"]
[EventDate "2012.08.24"]
[EventType "swiss"]
[EventRounds "9"]
[EventCountry "ESP"]
[SourceTitle "CBM 150 Extra"]
[Source "ChessBase"]
[SourceDate "2012.10.19"]
[SourceVersion "1"]
[SourceVersionDate "2012.10.19"]
[SourceQuality "1"]

1. d4 d5 2. c4 e6 3. Nf3 Nf6 4. Nc3 Nc6 5. Bg5 Be7 6. e3 0-0 7. Bd3 h6 8. Bh4 Re8 9. Rc1 b6 10. 0-0 Bb7 11. Bg3 Na5 12. Nb5 Bd6 13. Nxd6 cxd6 14. cxd5 Bxd5 15. b4 Nb7 16. Qe2 Ne4 17. Rc2 Nxg3 18. hxg3 e5 19. dxe5 dxe5 20. e4 Be6 21. Nxe5 Qd6 22. Nc6 Bd7 23. Rfc1 Bxc6 24. Rxc6 Qxb4 25. Qg4 Nd6 26. Qf4 Re6 27. e5 Qxf4 28. gxf4 Nb7 29. Bf5 Rxc6 30. Rxc6 Nc5 31. Bc2 Kf8 32. g3 Ne6 33. Be4 Rd8 34. f5 Nd4 35. Rc7 Nb5 36. Rb7 Nc3 37. Bc2 Ne2+ 38. Kg2 Nd4 39. Be4 Nb5 40. Bc6 Nd4 41. Bd7 a6 42. g4 b5 43. e6 fxe6 44. fxe6 Ke7 45. Bxb5+ Kxe6 46. Bxa6 Kf6 47. a4 Ra8 48. Bb5 Nb3 49. Rb6+ Ke5 50. Ra6 Rb8 51. Ra7 Kf6 52. Bc6 Rb6 53. Bd7 Rd6 54. Bc8 Rd4 55. a5 Rd2 56. a6 Nc5 57. Rc7 Ne4 58. Kf3 Nxf2 59. a7 Ra2 60. Bd7 Nd3 61. Ke3 Ne5 62. Bf5 h5 63. Be4 Nxg4+ 64. Kf4 Ra3 65. Rc6+ Kf7 66. Bg6+ Ke7 67. Rc7+ Kf6 68. Rc6+ Ke7 69. Be4 Rxa7 70. Rg6 Kf7 71. Rg5 Nf6 72. Bg6+ Kf8 73. Bxh5 Ra5 74. Rxa5 Nxh5+ 75. Rxh5 Kf7 76. Ra5 Kg6 77. Ra6+ Kh7 78. Kg5 Kg8 79. Kg6 Kf8 80. Ra7 Ke8 81. Rxg7 1-0